[Event "Challenge"]
[Site "http://www.queenalice.com/game.php?id=1866607"]
[Date "2025.12.5"]
[Round "-"]
[White "tche_elvio"]
[Black "crisvolei"]
[Result "1-0"]
[WhiteElo "1514"]
[BlackElo "1622"]

1. e4 e5 2. g3 Bc5 3. c3 d5 4. d4 exd4 5. cxd4 Bb4+ 6. Nc3 dxe4 7. Be3 Nf6 8.
Ne2 Bg4 9. Bg2 Nd5 10. Qd2 Nxe3 11. Qxe3 f5 12. O-O O-O 13. h3 Bf3 14. Bxf3 exf3
15. Qxf3 Bxc3 16. Qxc3 Nc6 17. Qb3+ Rf7 18. Rad1 b6 19. Rfe1 g5 20. d5 Na5 21.
Qc2 Qd6 22. b3 Re8 23. Nd4 Rxe1+ 24. Rxe1 h5 25. Re8+ Kh7 26. Nxf5 Qg6 27. Ne3
Qxc2 28. Nxc2 h4 29. g4 Nb7 30. Ne3 Nd6 31. Re5 a5 32. Rxg5 Ne4 33. Re5 Nxf2 34.
Rf5 Nxh3+ 35. Kh2 Rg7 36. Rh5+ Kg6 37. Rxh4 Nf4 38. a4 c5 39. dxc6 Nd3 40. Nf5
Kf6 41. Rh6+ Ke5 42. Nxg7 1-0

[Event "Challenge"]
[Site "http://www.queenalice.com/game.php?id=1866743"]
[Date "2025.12.8"]
[Round "-"]
[White "dejami"]
[Black "crisvolei"]
[Result "1-0"]
[WhiteElo "1762"]
[BlackElo "1564"]

1. e4 e5 2. Bc4 Bc5 3. Nf3 Qf6 4. h3 g5 5. d4 exd4 6. Bxg5 Qg6 7. O-O Qxe4 8.
Re1 Qxe1+ 9. Qxe1+ Ne7 10. Qe5 Rf8 11. Qxc5 Nbc6 12. Nxd4 b6 13. Qa3 a5 14. Nf5
Nxf5 15. Nc3 Nfd4 16. Re1+ Ne6 17. Nd5 Ra7 18. Nf6+ Kd8 19. Rxe6 Nd4 20. Nxh7+
f6 21. Qxf8# 1-0

[Event "Challenge"]
[Site "http://www.queenalice.com/game.php?id=1867092"]
[Date "2025.12.16"]
[Round "-"]
[White "Mr_SPOCK"]
[Black "crisvolei"]
[Result "1-0"]
[WhiteElo "1798"]
[BlackElo "1583"]

1. e4 e5 2. Bc4 Nh6 3. d3 Qf6 4. Nf3 Bc5 5. O-O Ng4 6. Bg5 Qb6 7. d4 exd4 8.
Nxd4 Bxd4 9. Qxg4 Bxb2 10. Qf3 O-O 11. Be7 Bxa1 12. Bxf8 Bf6 13. Bxg7 Kxg7 14.
Qg4+ Kf8 15. Qh5 d5 16. exd5 Bd4 17. d6 Be6 18. Qh6+ Ke8 19. Bd3 Qxd6 20. Qxh7
Nd7 21. Qg8+ Nf8 22. Bb5+ c6 23. Bd3 Kd7 24. Nd2 b5 25. Ne4 Qe5 26. Kh1 Re8 27.
f4 Qd5 28. h3 f5 29. c4 bxc4 30. Qg5 fxe4 31. f5 exd3 32. fxe6+ Nxe6 33. Rf7+
Kd6 34. Qh6 Rg8 35. Rf3 c3 36. Qh7 Nf4 37. Qh6+ Ng6 38. Rxd3 c2 39. Qd2 Qc4 40.
Rxd4+ Qxd4 41. Qxd4+ Ke6 42. Qc4+ Kf5 43. Qxc2+ Kg5 44. Qxc6 Nf4 45. Kg1 Kh5 46.
Qf3+ Kh4 47. Qxf4+ Kh5 48. g4+ Kh4 49. Kg2 Rg5 50. Qg3# 1-0

[Event "Challenge"]
[Site "http://www.queenalice.com/game.php?id=1867094"]
[Date "2025.12.16"]
[Round "-"]
[White "crisvolei"]
[Black "Mr_SPOCK"]
[Result "0-1"]
[WhiteElo "1576"]
[BlackElo "1805"]

1. e4 e5 2. Bc4 Qf6 3. Qg4 Nh6 4. Bxf7+ Qxf7 5. Qf3 Qc4 6. c3 d6 7. h3 Be7 8. d3
Qa6 9. Bxh6 Bf6 10. c4 O-O 11. Be3 c5 12. Nc3 Qa5 13. Ne2 a6 14. O-O Bh4 15. a3
Rxf3 16. gxf3 Bxh3 17. Rfd1 Qc7 18. Nd5 Qf7 19. Kh2 Be6 20. f4 Qh5 21. Ng3 Qg4
22. f5 Bc8 23. Nc7 Ra7 24. Ne8 Kh8 25. Nxd6 Bd7 26. Nf7+ Kg8 27. Nxe5 Bxg3+ 28.
fxg3 Qe2+ 29. Kg1 Qxe3+ 30. Kf1 Qxg3 31. Nxd7 Nxd7 32. Re1 Qf3+ 33. Kg1 Ne5 34.
Rad1 Qh3 35. Re2 Nf3+ 36. Kf2 b6 37. b4 g5 38. fxg6 h5 39. bxc5 bxc5 40. e5 Kg7
41. e6 Kf8 42. Re3 Kg7 43. Rxf3 Qxe6 44. Rg1 Re7 45. Rf7+ Rxf7+ 46. gxf7+ Kxf7
47. Rg3 Qe5 48. Rf3+ Kg6 49. Re3 Qh2+ 50. Ke1 h4 51. Re6+ Kf5 52. Rxa6 Kf4 53.
Rf6+ Ke3 54. Kf1 h3 55. a4 Qh1# 0-1

[Event "Challenge"]
[Site "http://www.queenalice.com/game.php?id=1867818"]
[Date "2026.1.10"]
[Round "-"]
[White "tche_elvio"]
[Black "crisvolei"]
[Result "1-0"]
[WhiteElo "1616"]
[BlackElo "1558"]

1. e4 e5 2. g3 g5 3. Bg2 Qf6 4. Nc3 Bc5 5. Nf3 g4 6. Nd5 Bxf2+ 7. Kxf2 gxf3 8.
Nxf6+ Nxf6 9. Qxf3 Ke7 10. c3 Rg8 11. d3 Ng4+ 12. Ke1 f6 13. b3 d6 14. Be3 f5
15. Kd2 fxe4 16. Qxe4 Nc6 17. Qxh7+ Kf8 18. Bh6+ Nxh6 19. Rhf1+ Ke8 20. Qxh6 Ne7
21. Rf6 Bf5 22. Bxb7 Rd8 23. Bc6+ Bd7 24. Qh5+ Ng6 25. Re6+ Kf7 26. Qf5+ Kg7 27.
Rxg6+ Kh7 28. Qh5# 1-0

[Event "Challenge"]
[Site "http://www.queenalice.com/game.php?id=1867825"]
[Date "2026.1.10"]
[Round "-"]
[White "crisvolei"]
[Black "tche_elvio"]
[Result "1-0"]
[WhiteElo "1551"]
[BlackElo "1626"]

1. e4 c5 2. d4 g6 3. dxc5 Nc6 4. c3 Bg7 5. Bf4 e5 6. Be3 Nge7 7. Na3 d6 8. cxd6
Qxd6 9. b4 a6 10. h3 b5 11. Bd3 Bb7 12. Qb3 O-O 13. O-O-O Qc7 14. c4 Nd4 15. Qc3
Nec6 16. Bg5 bxc4 17. Nxc4 Nb5 18. Qd2 f6 19. Bh6 Ncd4 20. Ne2 Nxe2+ 21. Bxe2
Rad8 22. Bd3 Rf7 23. Bxg7 Bxe4 24. Kb2 Kxg7 25. Qe3 Bxd3 26. Rxd3 Rxd3 27. Qxd3
Rd7 28. Qb3 Nd6 29. Nxd6 Rxd6 30. Rc1 Rd2+ 31. Kb1 Qd6 32. Qc3 Qd3+ 33. Qxd3
Rxd3 34. Rc7+ Kh6 35. h4 Rd2 36. g4 Rxf2 37. g5+ fxg5 38. hxg5+ Kxg5 39. a4 h5
40. b5 axb5 41. axb5 Rf4 42. Kc2 Rd4 43. Kc3 Rd8 44. b6 Rb8 45. b7 e4 46. Kd4
Rd8+ 47. Kxe4 Re8+ 48. Kd5 Kg4 49. Kd6 Rd8+ 50. Kc6 g5 51. Rc8 Rd4 52. b8=Q Rc4+
53. Kd6 Rxc8 54. Qxc8+ Kh4 55. Ke5 Kg3 56. Qc3+ Kg4 57. Qd4+ Kg3 58. Qe3+ Kg4
59. Qe2+ Kh4 60. Kf5 Kg3 61. Kxg5 h4 62. Qe3+ 1-0

[Event "Challenge"]
[Site "http://www.queenalice.com/game.php?id=1867954"]
[Date "2026.1.15"]
[Round "-"]
[White "Mr_SPOCK"]
[Black "crisvolei"]
[Result "1-0"]
[WhiteElo "1843"]
[BlackElo "1569"]

1. e4 e5 2. Qh5 Qf6 3. Nc3 g6 4. Qh3 Bc5 5. Nf3 c6 6. Bc4 b5 7. Bxb5 cxb5 8. Nd5
Qd6 9. d3 Na6 10. c4 Nb4 11. O-O Nc2 12. Bg5 Nxa1 13. Rxa1 f6 14. Bh4 Qa6 15. g4
d6 16. Nc7+ Kf7 17. Nxa6 Bxa6 18. g5 f5 19. exf5 Bc8 20. fxg6+ hxg6 21. Qg3 Ne7
22. Nxe5+ dxe5 23. Qxe5 Rxh4 24. Qf6+ Ke8 25. Re1 Bh3 26. Qc6+ Kd8 27. Qxa8+ Kc7
28. Re3 Rg4+ 29. Rg3 Bxf2+ 30. Kxf2 Rh4 31. Qxa7+ Kd6 32. c5+ Kd5 33. Qxe7 Rf4+
34. Rf3 Rg4 35. Qd6# 1-0

[Event "Challenge"]
[Site "http://www.queenalice.com/game.php?id=1868075"]
[Date "2026.1.16"]
[Round "-"]
[White "crisvolei"]
[Black "Mr_SPOCK"]
[Result "0-1"]
[WhiteElo "1563"]
[BlackElo "1850"]

1. e4 e5 2. Qf3 Nf6 3. Nh3 d6 4. Ng5 Bg4 5. Qb3 d5 6. Qxb7 Nbd7 7. Bb5 Nxe4 8.
Qxd5 Nxg5 9. Qxe5+ Ne6 10. f3 Bd6 11. Qe4 Bh5 12. d4 O-O 13. Bd3 Nf6 14. Qf5 Re8
15. O-O Nxd4 16. Qh3 Bc5 17. g4 Ne2+ 18. Kh1 Bg6 19. Bxg6 fxg6 20. Bg5 Bd4 21.
c3 Be3 22. Na3 Bxg5 23. Rad1 Bd2 24. Qg2 c6 25. Nc4 Nf4 26. Qf2 Re2 27. Qc5 Nxg4
28. fxg4 Qh4 29. Qg1 g5 30. Rxd2 Rxd2 31. Nxd2 Ne2 32. Qg2 Nf4 33. Qxc6 Rf8 34.
Nf3 Qh3 35. Nxg5 Qxf1# 0-1

[Event "Challenge"]
[Site "http://www.queenalice.com/game.php?id=1868209"]
[Date "2026.1.20"]
[Round "-"]
[White "crisvolei"]
[Black "Leanne"]
[Result "1-0"]
[WhiteElo "1556"]
[BlackElo "1343"]

1. e4 e6 2. d4 d5 3. Bf4 g6 4. exd5 exd5 5. c4 Nf6 6. cxd5 Qxd5 7. Bxc7 Bg7 8.
b3 O-O 9. Qd2 Qd7 10. Qc3 Nc6 11. Be5 1-0

[Event "Challenge"]
[Site "http://www.queenalice.com/game.php?id=1868359"]
[Date "2026.1.22"]
[Round "-"]
[White "Mr_SPOCK"]
[Black "crisvolei"]
[Result "0-1"]
[WhiteElo "1873"]
[BlackElo "1514"]

1. e4 e5 2. Qh5 Qf6 3. Bc4 g6 4. Qe2 Qf4 5. Nh3 Qh6 6. Qf3 f5 7. exf5 Ne7 8. f6
d5 9. f7+ Kd8 10. Qf6 Bg7 11. f8=Q+ Rxf8 12. Qg5 Qxg5 13. Nxg5 dxc4 14. Nxh7 Rf4
15. Nc3 Nbc6 16. d3 Nd4 17. Bxf4 Nxc2+ 18. Kd2 Nxa1 19. Bg5 cxd3 20. Kxd3 Bf5+
21. Ne4 Ke8 22. Ke3 Nc2+ 23. Kf3 Nd4+ 24. Ke3 Nd5+ 25. Kd3 Nb4+ 26. Ke3 Nbc2+
27. Kd3 b5 28. f3 Be6 29. f4 Bxa2 30. fxe5 Bxe5 31. Rf1 Bc4+ 32. Kd2 Bxf1 33.
Kc1 Bxh2 34. Nc5 Bxg2 35. Bf6 a5 36. Nd3 a4 37. Kd2 b4 38. Bxd4 Nxd4 39. Nxb4 c5
40. Na2 Nb3+ 41. Kd3 Bf1+ 42. Ke3 Bg1+ 43. Kf4 Bd4 44. Ng5 Bxb2 45. Ne6 Rc8 46.
Kg5 Kf7 47. Nf4 Nc1 48. Nxg6 Nxa2 49. Nh4 a3 50. Nf3 Nc1 51. Ne1 a2 52. Nc2 Bd3
53. Na1 Bxa1 54. Kf4 Bd4 55. Kf3 a1=Q 56. Kf4 Ne2+ 57. Kf3 Qf1+ 58. Kg4 Rg8+ 59.
Kh5 Qh3# 0-1

[Event "Challenge"]
[Site "http://www.queenalice.com/game.php?id=1868362"]
[Date "2026.1.23"]
[Round "-"]
[White "crisvolei"]
[Black "PRZ"]
[Result "0-1"]
[WhiteElo "1530"]
[BlackElo "1518"]

1. e4 c5 2. d4 d5 3. dxc5 Qa5+ 4. c3 Qxc5 5. b4 Qd6 6. Bb5+ Nc6 7. exd5 Qe5+ 8.
Ne2 a6 9. Bc4 Nd8 10. g3 Nf6 11. Bf4 Qe4 12. O-O Qxc4 13. Na3 Qe4 14. d6 e6 15.
f3 Qc6 16. Nd4 Qxc3 17. Nac2 Nd5 18. Bd2 Qc4 19. a4 Bxd6 20. f4 Nc6 21. Ne3 Qxd4
22. Qe2 Nxe3 23. Bxe3 Qxb4 24. Rfc1 Na5 25. f5 e5 26. g4 h5 27. f6 g6 28. g5 Qh4
29. Bc5 Qxg5+ 30. Kf1 Qxf6+ 31. Bf2 Nb3 32. Qc4 Nxc1 33. Rxc1 Bh3+ 34. Ke1 Ke7
35. Bc5 Bxc5 36. Qxc5+ Qd6 37. Qe3 Qb4+ 38. Kf2 Qd4 39. Qxd4 exd4 40. Kg3 Bd7
41. Re1+ Kd6 42. Kf4 h4 43. Kg5 Rh5+ 44. Kf6 Rf5+ 45. Kg7 d3 46. Rd1 Rf3 47. a5
Kc5 48. Rc1+ Kd4 49. Rc7 Be6 50. Rxb7 d2 51. Rb4+ Kc3 52. Rxh4 d1=Q 0-1

[Event "Challenge"]
[Site "http://www.queenalice.com/game.php?id=1868529"]
[Date "2026.1.27"]
[Round "-"]
[White "Leanne"]
[Black "crisvolei"]
[Result "1-0"]
[WhiteElo "1297"]
[BlackElo "1550"]

1. e4 e5 2. Nf3 Qf6 3. g3 Nh6 4. Bg2 Ng4 5. O-O Qb6 6. Qe1 Bc5 7. d4 exd4 8. Bh3
d3 9. Bxg4 dxc2 10. Nc3 h5 11. Nd5 Bxf2+ 12. Rxf2 hxg4 13. Nxb6 axb6 14. Nd4 O-O
15. Nxc2 Nc6 16. Ne3 Nd4 17. Nxg4 d5 18. Ne5 Bh3 19. Qe3 c5 20. Qf4 f6 21. Ng6
Rf7 22. Qh4 Nf3+ 23. Rxf3 Rd7 24. Qxh3 Kf7 25. Ne5+ Ke7 26. Qxd7+ Kf8 27. Qf7#
1-0

[Event "Challenge"]
[Site "http://www.queenalice.com/game.php?id=1868530"]
[Date "2026.1.27"]
[Round "-"]
[White "crisvolei"]
[Black "Leanne"]
[Result "1-0"]
[WhiteElo "1544"]
[BlackElo "1303"]

1. e4 e5 2. Bc4 f5 3. exf5 Nf6 4. Qe2 Qe7 5. Nf3 d6 6. g4 Nxg4 7. d4 Bxf5 8.
dxe5 Nxe5 9. Bg5 Qd7 10. Nxe5 dxe5 11. Qxe5+ Be7 12. Nc3 Nc6 13. Qe3 O-O-O 14.
Bxe7 Nxe7 15. O-O c6 16. Rfd1 Qc7 17. Be6+ Bxe6 18. Qxe6+ Rd7 19. Rxd7 Qb6 20.
Rxe7+ 1-0

[Event "Challenge"]
[Site "http://www.queenalice.com/game.php?id=1868598"]
[Date "2026.1.27"]
[Round "-"]
[White "crisvolei"]
[Black "Mr_SPOCK"]
[Result "0-1"]
[WhiteElo "1524"]
[BlackElo "1867"]

1. e4 e5 2. Nf3 Nf6 3. Nxe5 Nxe4 4. Qf3 Nf6 5. Bc4 d5 6. Bxd5 Qxd5 7. Qxd5 Nxd5
8. Nc3 Be6 9. Ne4 Nc6 10. Nxc6 bxc6 11. d4 f5 12. Ng5 O-O-O 13. Nxe6 Re8 14. O-O
Rxe6 15. Bd2 h6 16. h4 Re2 17. f4 Rxd2 18. c4 Ne3 19. Rf3 Nxg2 20. d5 Bc5+ 21.
Kh1 Nxh4 22. Rh3 Ng2 23. dxc6 Nxf4 24. Rh2 Ne2 25. Rb1 Ng3# 0-1

[Event "Challenge"]
[Site "http://www.queenalice.com/game.php?id=1868621"]
[Date "2026.1.28"]
[Round "-"]
[White "dejami"]
[Black "crisvolei"]
[Result "1-0"]
[WhiteElo "1743"]
[BlackElo "1570"]

1. e4 e5 2. Bc4 Qf6 3. Nf3 c6 4. d3 h6 5. h4 b5 6. Bb3 Na6 7. c3 Nc5 8. g4 Ba6
9. Be3 Nxb3 10. axb3 Bb7 11. g5 Qe6 12. Nbd2 O-O-O 13. Rxa7 Kc7 14. Qa1 Be7 15.
Qa5+ Kd6 16. Rxb7 Qg4 17. d4 exd4 18. Nxd4 hxg5 19. Qc7+ Kc5 20. Ne6# 1-0

[Event "Challenge"]
[Site "http://www.queenalice.com/game.php?id=1868869"]
[Date "2026.2.4"]
[Round "-"]
[White "crisvolei"]
[Black "Mr_SPOCK"]
[Result "1-0"]
[WhiteElo "1561"]
[BlackElo "1845"]

1. e4 e5 2. Nf3 Nc6 3. d4 exd4 4. Bc4 Bb4+ 5. c3 dxc3 6. bxc3 Ba5 7. Nd4 Ne5 8.
Bb3 Nf6 9. f4 Neg4 10. Nf5 O-O 11. e5 Qe8 12. O-O Bb6+ 13. Be3 Bxe3+ 14. Nxe3
Nxe3 15. Qd3 Nxf1 16. Kxf1 Ng4 17. Nd2 d6 18. Re1 Qc6 19. exd6 b6 20. dxc7 Qxc7
21. h3 Qxf4+ 22. Nf3 Bf5 23. Qd5 Rae8 24. hxg4 Rd8 25. Qxf5 Qc7 26. Ne5 g6 27.
Qf6 Qxc3 28. Bxf7+ Rxf7 29. Qxf7+ Kh8 30. Qf6+ Kg8 31. Qxd8+ Kg7 32. Qd7+ Kh6
33. Nf7+ Kg7 34. Nd6+ Kh6 35. g5+ Kh5 36. Qxh7+ Kg4 37. Re4+ Kxg5 38. Qh4# 1-0

[Event "Challenge"]
[Site "http://www.queenalice.com/game.php?id=1868967"]
[Date "2026.2.6"]
[Round "-"]
[White "Leanne"]
[Black "crisvolei"]
[Result "0-1"]
[WhiteElo "1312"]
[BlackElo "1544"]

1. e4 e5 2. d3 h6 3. Nf3 f6 4. Be2 d5 5. O-O g5 6. exd5 Qxd5 7. Nc3 Qa5 8. Ne4
Bg7 9. d4 Bf5 10. Ng3 Bg6 11. dxe5 fxe5 12. b3 e4 13. Nd4 Nf6 14. Bb5+ c6 15.
Bd2 Qb6 16. Ne6 Rg8 17. Nxg7+ Rxg7 18. Ba4 Nbd7 19. Be3 Qc7 20. f3 Nd5 21. Bd4
Rf7 22. fxe4 Nf4 23. e5 Ne6 24. Qg4 Nf4 25. Rf2 Nxe5 26. Bxe5 Qe7 27. Ne2 Qxe5
28. Nxf4 Qxa1+ 29. Rf1 Qd4+ 30. Kh1 Rxf4 31. Rxf4 Qa1+ 0-1

[Event "Challenge"]
[Site "http://www.queenalice.com/game.php?id=1868968"]
[Date "2026.2.6"]
[Round "-"]
[White "crisvolei"]
[Black "Leanne"]
[Result "1-0"]
[WhiteElo "1522"]
[BlackElo "1323"]

1. e4 e6 2. Nc3 Nc6 3. a3 d5 4. b4 dxe4 5. Nxe4 Nf6 6. Nxf6+ Qxf6 7. c3 a5 8.
Qa4 Bd7 9. Bb5 Be7 10. Bb2 axb4 11. Qxa8+ Bd8 12. Qxb7 O-O 13. Bxc6 bxc3 14.
Bxc3 Qe7 15. Bb4 Qf6 16. Bc3 Bxc6 17. Qxc6 Qf5 18. Bb4 Qd5 19. Qxd5 1-0

[Event "Challenge"]
[Site "http://www.queenalice.com/game.php?id=1869234"]
[Date "2026.2.14"]
[Round "-"]
[White "crisvolei"]
[Black "Leanne"]
[Result "1-0"]
[WhiteElo "1593"]
[BlackElo "1309"]

1. e4 e5 2. Nh3 Nf6 3. Qf3 d5 4. exd5 Qxd5 5. Qxd5 Nxd5 6. Bc4 Be6 7. Ng5 Be7 8.
Nxe6 fxe6 9. Bxd5 exd5 10. d4 Nc6 11. dxe5 Nxe5 12. Nc3 O-O-O 13. Nb5 Kb8 14.
Nd4 Bb4+ 15. c3 Bc5 16. Ne6 Nd3+ 17. Ke2 Nxc1+ 18. Raxc1 Rde8 19. b4 Rxe6+ 20.
Kf1 Bd6 21. g3 Be5 22. Re1 Rhe8 23. Kg2 Bxc3 24. Rxe6 Rxe6 25. b5 a6 26. a4 axb5
27. axb5 Re1 28. Rxe1 Bxe1 29. Kf1 Ba5 30. f4 c6 31. bxc6 bxc6 32. Ke2 Bd8 33.
h4 h6 34. h5 g5 35. hxg6 Bf6 36. g4 d4 37. Kd3 c5 38. g5 hxg5 39. fxg5 Bxg5 40.
g7 Kc8 41. g8=Q+ Bd8 42. Qd5 Bb6 43. Qc6+ Bc7 44. Qxc5 Kb7 45. Qxd4 Bb6 46. Qd7+
1-0

[Event "Challenge"]
[Site "http://www.queenalice.com/game.php?id=1869235"]
[Date "2026.2.14"]
[Round "-"]
[White "Leanne"]
[Black "crisvolei"]
[Result "0-1"]
[WhiteElo "1316"]
[BlackElo "1588"]

1. e4 e5 2. d4 exd4 3. Qxd4 Nc6 4. Qe3 Ne5 5. Nf3 Qf6 6. Nxe5 Qxe5 7. Nc3 Bc5 8.
Qf3 g5 9. Be2 c6 10. O-O Nh6 11. Be3 g4 12. Qf4 d6 13. Qxh6 g3 14. fxg3 Bxe3+
15. Qxe3 h6 16. Qf3 Be6 17. g4 O-O-O 18. h3 b5 19. Rad1 d5 20. exd5 Bxd5 21.
Nxd5 Rxd5 22. Rxd5 cxd5 23. Bxb5 Qd4+ 24. Kh1 Qxb2 25. Qxd5 Qxc2 26. Qd7+ Kb8
27. Rc1 Qxc1+ 28. Kh2 Qf4+ 29. g3 Qf2+ 30. Kh1 Qxg3 31. Bc6 Qxh3+ 32. Kg1 Qe3+
33. Kf1 Qc1+ 34. Kf2 Qb2+ 35. Kf3 a5 36. Qb7+ Qxb7 37. Bxb7 Kxb7 38. a4 h5 39.
gxh5 Rxh5 40. Ke3 Rh4 0-1

[Event "Challenge"]
[Site "http://www.queenalice.com/game.php?id=1869286"]
[Date "2026.2.15"]
[Round "-"]
[White "tche_elvio"]
[Black "crisvolei"]
[Result "1-0"]
[WhiteElo "1588"]
[BlackElo "1598"]

1. e4 e5 2. g3 h5 3. Nf3 d5 4. exd5 Qxd5 5. Nc3 Qc5 6. d4 exd4 7. Nxd4 Bg4 8.
Ne4 Qb4+ 9. Qd2 Qe7 10. Bg2 f5 11. Nxf5 Bxf5 12. O-O Bxe4 13. Bxe4 h4 14. Bg6+
Qf7 15. Bxf7+ Kxf7 16. Qd5+ Ke8 17. Re1+ Be7 18. Bf4 c6 19. Qe6 hxg3 20. fxg3
Nd7 21. Rad1 Ngf6 22. Qxe7# 1-0

[Event "Challenge"]
[Site "http://www.queenalice.com/game.php?id=1869287"]
[Date "2026.2.15"]
[Round "-"]
[White "crisvolei"]
[Black "tche_elvio"]
[Result "1-0"]
[WhiteElo "1589"]
[BlackElo "1622"]

1. e4 c5 2. Bc4 e6 3. e5 Nc6 4. c3 g6 5. d3 Nxe5 6. Bb5 Bg7 7. d4 Nc6 8. dxc5
Nge7 9. Nf3 O-O 10. O-O a6 11. Bc4 d6 12. cxd6 Nd5 13. Nd4 Nxd4 14. cxd4 Qxd6
15. g3 b5 16. Bb3 Bb7 17. a4 Nb4 18. axb5 axb5 19. Na3 Bc6 20. Bf4 e5 21. Bxe5
Bxe5 22. dxe5 Qxe5 23. Qd2 Qe4 24. f3 Rad8 25. Qc3 Qd4+ 26. Qxd4 Rxd4 27. f4 h5
28. h4 Rd3 29. Bd1 Na6 30. Kf2 Rd2+ 31. Be2 Rxb2 32. Rac1 Rc8 33. Nxb5 Rxb5 34.
Bxb5 1-0

[Event "Challenge"]
[Site "http://www.queenalice.com/game.php?id=1870131"]
[Date "2026.3.6"]
[Round "-"]
[White "Leanne"]
[Black "crisvolei"]
[Result "0-1"]
[WhiteElo "1269"]
[BlackElo "1586"]

1. c4 e5 2. e3 e4 3. Nc3 c6 4. d3 Qf6 5. Nxe4 Qf5 6. g3 Bb4+ 7. Bd2 Bxd2+ 8.
Nxd2 d5 9. Qe2 dxc4 10. dxc4 Be6 0-1

[Event "Challenge"]
[Site "http://www.queenalice.com/game.php?id=1870138"]
[Date "2026.3.6"]
[Round "-"]
[White "crisvolei"]
[Black "zmanomega"]
[Result "1-0"]
[WhiteElo "1606"]
[BlackElo "1615"]

1. e4 e5 2. Nc3 c6 3. Qf3 f6 4. g4 g6 5. g5 fxg5 6. Bc4 Nf6 7. Nh3 g4 8. Qg3 d6
9. Ng5 Qe7 10. Bf7+ Kd8 11. b3 h6 12. Ne6+ Kd7 13. Nxf8+ Rxf8 14. Bxg6 Kc7 15.
b4 d5 16. exd5 c5 17. d6+ Kxd6 18. bxc5+ Kxc5 19. Ba3+ 1-0